00318nam a2200133Ia 4500008004100000020001800041082001500059100002400074245003800098250000800136260002300144300000900167650000800176191201s2010 xx 000 0 und d a9780070634145 a004.6bFOD aFOROUZAN, Behrouz A 0aData communication and Networking aRep aN.DelhibTMHc2010 a1134 aMCA